000
00235nmm a2200085Ia 4500
008
220120s9999||||xx |||||||||||||||||und||
100
_a
LFY
_9
10674
245
0
_a
Application servers,developers, Newbies, secret maryo chroni
260
_c
2006
999
_c
138521
_d
138521